000 00288nam a2200109 a 4500
008 111012s1999|||| d
245 1 0 _aSex
_bO sexe celkom normálne... spoznaj skutočnosť a mýty
260 _bEgmont
_aBratislava
_c1999
020 _c10
041 _aslo
044 _axo
_cSK
999 _c19813
_d19813